00509nam a2200169Ia 4500008004000000041000800040082001100048100001800059245002200077260005100099650001100150650001500161690002000176906001100196999001700207952011500224210210b1965 xxu||||| |||| 00| 0 eng d aeng a930/62 aMAHAFFY (J P) aAlexanders empire aNDbAffiliated East-West Prees Pvt. Ltd.c1965 aempire aAlexanders aAncient History a024973 c77900d77900 001040708HistoryaALbALcHistoryd2021-02-17g0.00l0o930/62p024973r2021-02-17 00:00:00w2021-02-17yBK